| 000 | 00840nam a2200205 a 4500 | ||
|---|---|---|---|
| 001 | 000035744 | ||
| 005 | 20200930074558.0 | ||
| 008 | 111109s1974 cl ac 000 0 spa d | ||
| 040 |
_aDO-SdBNP _bspa _cBNPHU |
||
| 082 |
_axxxx _bF197P |
||
| 100 | 1 |
_aHanke, Lewis _960991 |
|
| 245 | 1 | 3 |
_aEl prejuicio racial en el nuevo mundo : _bAristóteles y los indios de Hispanoamérica / _cLewis Hanke ; traducido por Marina Orellana. |
| 260 |
_aChile : _bSecretaría de Educación Pública, Dirección General de Divulgación, _c1974. |
||
| 300 |
_a207 p. : _bil., retr. ; _c17 cm. |
||
| 490 | 1 |
_aSepsetentas _v156 |
|
| 504 | _aIncluye referencias bibliográficas y notas al pie de las página | ||
| 590 | _aPerteneció a la biblioteca personal de Juan Isidro Jimenes Grullón | ||
| 700 | 1 |
_aOrellana, Marina _961690 |
|
| 830 | 0 |
_aSepsetentas _v156 _98937 |
|
| 999 |
_c35235 _d35235 |
||